000
00246nam a2200109Ia 4500
008
190216s9999||||xx |||||||||||||| ||und||
100
_a
Thayat Sankaran
245
0
_a
Chinda Sourabam
260
_b
Nbs Kottayam
650
_a
Kavithkal
942
_c
BK
999
_c
25354
_d
25354